Engineering design : (Record no. 15869)

000 -LEADER
fixed length control field 00830cam a22002297a 4500
020 ## - INTERNATIONAL STANDARD BOOK NUMBER
ISBN 9781418062415 (hbk.)
020 ## - INTERNATIONAL STANDARD BOOK NUMBER
ISBN 1418062413 (hbk.)
040 ## - CATALOGING SOURCE
Transcribing agency MFM
082 ## - DEWEY DECIMAL CLASSIFICATION NUMBER
Classification number 813 DEL 2009 A097 Or.
100 1# - MAIN ENTRY--AUTHOR NAME
Personal name Karsnitz, John R.,
245 10 - TITLE STATEMENT
Title Engineering design :
Remainder of title an introduction /
250 ## - EDITION STATEMENT
Edition statement 1st ed.
260 ## - PUBLICATION, DISTRIBUTION, ETC. (IMPRINT)
Place of publication Clifton Park, NY :
Name of publisher Delmar Cengage Learning,
Year of publication c2009.
300 ## - PHYSICAL DESCRIPTION
Number of Pages xvi, 538 p. :
Other physical details ill. (chiefly col.) ;
Dimensions 29 cm.
500 ## - GENERAL NOTE
General note "Project lead the way" - Cover.
500 ## - GENERAL NOTE
General note Includes index.
520 ## - SUMMARY, ETC.
Summary, etc This book presents an overview of the basic engineering principles and concepts that shape today's modern world and includes activities and student explorations as learning tools.
650 #0 - SUBJECT ADDED ENTRY--TOPICAL TERM
Topical Term Engineering design.
700 1# - ADDED ENTRY--PERSONAL NAME
Personal name O'Brien, Stephen,
700 1# - ADDED ENTRY--PERSONAL NAME
Personal name Hutchinson, John P.
942 ## - ADDED ENTRY ELEMENTS (KOHA)
Koha item type សៀវភៅភាសាអង់គ្លេស
952 ## - LOCATION AND ITEM INFORMATION (KOHA)
Withdrawn status [LOCAL, KOHA] 0
Holdings
Permanent Location Date acquired Koha item type Lost status Shelving location Barcode Current Location Full call number
Library Block A2017-12-13សៀវភៅភាសាអង់គ្លេស A097A09713Library Block A813 DEL 2009 A097 Or.
មជ្ឈមណ្ឌលឯការនៃសាកលវិទ្យាល័យភូមិន្ទកសិកម្មចំការដូង

Powered by Koha